Reliez les acteurs de Star Wars à leur personnage - Statistiques

Statistiques générales
  • Ce quiz a été pris 391 fois
  • Le résultat moyen est 14 sur 20
Statistiques - réponses
Hint Réponse % Correct
Natalie Portman Padmé
97%
Harrison Ford Han Solo
95%
Carrie Fisher Leia Organa
92%
Jake Lloyd / Hayden Christensen Anakin Skywalker
90%
Mark Hamill Luke Skywalker
90%
Ewan McGregor / Alec Guinness Obi-Wan Kenobi
89%
Samuel L. Jackson Mace Windu
87%
Daisy Ridley Rey
85%
Adam Driver Kylo Ren / Ben Solo
81%
Christopher Lee Comte Dooku
74%
Liam Neeson Qui-Gon Jinn
73%
Kelly Marie Tran Rose Tico
71%
Oscar Isaac Poe Dameron
63%
John Boyega Finn
52%
Ian McDiarmid Palpatine
43%
Anthony Daniels C-3PO
42%
Billy Dee Williams Lando Calrissian
42%
Peter Mayhew Chewbacca
38%
Ahmed Best Jar Jar Binks
36%
Kenny Baker R2-D2
29%
Aucun quiz correspondant
Distribution des résultats
% des personnes avec chaque résultat
Percentile par nombre de réponses
Votre historique - résultats
Vous n’avez pas pris ce quiz